000 00741nam a2200193 a 4500
003 0
005 20250507074026.0
008 050808s19uu xx 00 eng d
050 _aPHS HF 5415.126
_b.J45 2005
100 _aJelsma, Martin Jan Jr. S.
245 _aProfiles of members of multilevel marketing organizations /
_cMartin Jan S. Jelsma Jr.
260 _aLas PiƱas City, Philippines :
_bSouthville International School and Colleges,
_c2005.
300 _a29 pages :
_billustrations ;
_c28 cm.
504 _aIncludes bibliographical references.
650 _2Library of Congress Subject Headings
_aMultilevel marketing
_zPhilippines.
650 _aBusinesspeople
_xDemographics
_zPhilippines.
942 _2lcc
_cPASS
999 _c97243
_d97243